| 000 | 00769nam a2200241 i 4500 | ||
|---|---|---|---|
| 001 | 179868 | ||
| 003 | ES-MaACL | ||
| 005 | 20230927113214.0 | ||
| 008 | 120215s2011 sp ap |||| | spa d | ||
| 020 | _a978-84-938718-0-2 | ||
| 080 | _a291.37 | ||
| 100 | 1 |
_aCanneti, Rafael. _9149370 |
|
| 245 | 1 | 0 |
_aSimbología oculta _b: la simbología como camino hacia la realidad / _cRafael Canneti. |
| 260 |
_a[Logroño] : _bAtanor, _c2011. |
||
| 300 |
_a288 p. : _bil. ; _c23 cm. |
||
| 490 | 1 |
_aEscuadra y compás ; _v3 |
|
| 650 | 7 |
_aSimbolismo. _917102 |
|
| 830 | 0 |
_aEscuadra y compás ; _v3 _9191138 |
|
| 852 |
_aES-MaACL _9186769 _bR.146752 _jA-11966 _dOlim: N-4971 _cDEPO1 |
||
| 942 |
_2udc _cMONOGRAFIA |
||
| 999 |
_c179868 _d179868 |
||